Technical electricity / (Record no. 184182)
[ view plain ]
| 000 -LEADER | |
|---|---|
| fixed length control field | 01230 a2200169 4500 |
| 003 - CONTROL NUMBER IDENTIFIER | |
| control field | NUST |
| 005 - DATE AND TIME OF LATEST TRANSACTION | |
| control field | 20221201131010.0 |
| 040 ## - CATALOGING SOURCE | |
| Transcribing agency | Nust |
| 082 ## - DEWEY DECIMAL CLASSIFICATION NUMBER | |
| Classification number | 537,DAV |
| 100 ## - MAIN ENTRY--PERSONAL NAME | |
| Personal name | Davidge, Henry Thomas |
| 9 (RLIN) | 103905 |
| 245 ## - TITLE STATEMENT | |
| Title | Technical electricity / |
| Statement of responsibility, etc. | Davidge, Henry Thomas. [from old catalog |
| 260 ## - PUBLICATION, DISTRIBUTION, ETC. | |
| Place of publication, distribution, etc. | London, |
| Name of publisher, distributor, etc. | University tutorial press |
| Date of publication, distribution, etc. | 1950. |
| 300 ## - PHYSICAL DESCRIPTION | |
| Extent | xi, 533 p. illus., |
| Other physical details | diagrs. 18 cm. |
| 505 ## - FORMATTED CONTENTS NOTE | |
| Formatted contents note | Dynamical Definition and Units (Page-1), General Principle of electronics (Page-12), Electrictrostatic and capacitance (Page-25), Electronic units and theory (Page-34), General Principles (Page-48), Magnetic Units (Page-63), Simple Magnetic measurements (Page-79), General Principles of electric current (Page-95), Measurement of resistance (Page-125), Easement of potential (Page-141), Secondary cells or Accumulators (Page-176), General Principles (Page-218), Electromagnetic units and theory (Page-229), D. C. Generators (Page-248), D. C. Motors (Page-295), General Principles of Alternating (Page-315), A. C. Generators (Page-352), Commercial Measurement (Page-387), The Generators and Distribution (Page-407), Wireless Telegraphy (Page470). |
| 650 ## - SUBJECT ADDED ENTRY--TOPICAL TERM | |
| Topical term or geographic name entry element | Technical electricity. |
| 9 (RLIN) | 103906 |
| 942 ## - ADDED ENTRY ELEMENTS (KOHA) | |
| Source of classification or shelving scheme | |
| Koha item type | Book |
| Call number prefix | 537,DAV |
| Withdrawn status | Lost status | Source of classification or shelving scheme | Damaged status | Not for loan | Collection code | Permanent Location | Current Location | Date acquired | Total Checkouts | Full call number | Barcode | Date last seen | Price effective from | Koha item type | Shelving location | Public note |
|---|---|---|---|---|---|---|---|---|---|---|---|---|---|---|---|---|
| Military College of Signals (MCS) | Military College of Signals (MCS) | 12/12/2016 | 537 DAL | MCS21952 | 12/08/2016 | 12/12/2016 | Book | |||||||||
| Military College of Signals (MCS) | Military College of Signals (MCS) | 12/12/2016 | 537,DAL | MCS22014 | 12/08/2016 | 12/12/2016 | Book | General Stacks | Almirah No.16, Shelf No.4 |
